مكتبة جامعة عجلون الوطنية

فهرس بحث المكتبة

Normal view MARC view
  • المفاهيم الادارية الحديثة- المناخ الوظيفي- الارتباط الوظيفي

Entry Topical Term

Number of records used in: 1

001 - CONTROL NUMBER

  • control field: 59698

003 - CONTROL NUMBER IDENTIFIER

  • control field: JO-AjAnu

005 - DATE AND TIME OF LATEST TRANSACTION

  • control field: 20230606083748.0

008 - FIXED-LENGTH DATA ELEMENTS

  • fixed length control field: 230606|| aca||aabn | a|a d

040 ## - CATALOGING SOURCE

  • Original cataloging agency: JO-AjAnu
  • Transcribing agency: JO-AjAnu

150 ## - HEADING--TOPICAL TERM

  • Topical term or geographic name entry element: المفاهيم الادارية الحديثة- المناخ الوظيفي- الارتباط الوظيفي

670 ## - SOURCE DATA FOUND

  • Source citation: Work cat.: (JO-AjAnu)30445: اعداد: طارق مرعي عبدالله الحسن؛ اشراف: علي فلاح الزعبي, author 59697, أثر المناخ التنظيمي في الارتباط الوظيفي لدى العاملين ببلديات إقليم الشمال في الاردن=The Impact of Organizational Climate in Employees Job Engagement in Municipalities of North Jordan Region